Statystyki dla Państwa Świata Po Opisie

Kliknij tutaj aby rozwiązać quiz!

Ogólne statystyki

  • Ten quiz został rozwiązany 58 razy
  • Średni wynik to 5 z 9

Statystyki odpowiedzi

HintOdpowiedź% Poprawnych
Najmnieszje państwo na świecieWatykan
92%
Państwo, z którym sąsiaduje zarówno Norwegia, jak i USARosja
86%
Państwo z najwyższym budynkeim na świecieZjednoczone Emiraty Arabskie
76%
Najmłodsze państwo na świecieSudan południowy
75%
Siedziba rządu tego pństwa nie znajduje się w jej stolicyHolandia
59%
Jedyne państwo na świecie które w fladze nie ma ani czerwonego, ani białego, ani niebieskiegoJamajka
49%
Państwo o najmniejszej gęstości zaludnieniaMongolia
49%
Państwo z, którego pochodzi Erno RubikWęgry
39%
Jedyne państwo na świecie, którego nazwa ma 4 członySaint Kitts i Nevis
16%

Rozkład punktacji

Percentyl według liczby udzielonych odpowiedzi

Procent ludzi z każdym wynikiem

Twoja historia wyników

Nie rozwiązałeś tego quizu